Cálculos trabalhistas (Record no. 137820)

MARC details
000 -LÍDER
campo de controle de tamanho fixo 00504 a2200181 4500
001 - NÚMERO DE CONTROLE
campo de controle 137820
020 ## - ISBN - INTERNATIONAL STANDARD BOOK NUMBER
ISBN - International Standard Book Number 9788597013245
040 ## - FONTE DA CATALOGAÇÃO
Instituição que transcreveu o registro Leonardo Da Vinci
041 ## - CÓDIGO DE IDIOMA
Código do idioma do texto/trilha sonora ou título diferente Português
082 ## - CDD - CLASSIFICAÇÃO DECIMAL DE DEWEY
Número de Classificação 344.012 O45c
Número do exemplar O45c
100 ## - ENTRADA PRINCIPAL--NOME PESSOAL
Nome pessoal OLIVEIRA, Aristeu de
245 ## - TÍTULO
Título Cálculos trabalhistas
250 ## - EDIÇÃO
Edição 29. ed
260 ## - PUBLICAÇÃO, DISTRIBUIÇÃO, ETC.
Nome do editor, distribuidor, etc. Atlas
Data da publicação, distribuição, etc. 2017
Local de publicação, distribuição, etc. São Paulo
362 ## - DATAS DE PUBLICAÇÃO E/OU DESIGNAÇÃO SEQUENCIAL
Datas de publicação e/ou designação sequencial 20170000
697 ## - ENTRADA DE ASSUNTO LOCAL--ENTIDADE COLETIVA (RLIN)
Nome corporativo ou nome da jurisdição Direito
-- Direito do trabalho
-- Legislação
-- Leis
-- Remuneração
-- Salário
-- Tabela
-- Brasil
-- FIPEN
-- TGRH
942 ## - ELEMENTOS DE ENTRADA ADICIONADOS (KOHA)
Tipo de material Koha Livros
Holdings
Situação do descarte Situação das perdas Situação física Não pode ser emprestado Biblioteca de origem Biblioteca atual Data de aquisição Total de empréstimos Número de chamada completo Código de barras Data de último acesso Data do preço efetivo Tipo de material Koha
        Leonardo Da Vinci - Osasco Leonardo Da Vinci - Osasco 27/03/2024   344.012 O45c O018039 27/03/2024 27/03/2024 Livros
        Leonardo Da Vinci - Osasco Leonardo Da Vinci - Osasco 27/03/2024   344.012 O45c O018040 27/03/2024 27/03/2024 Livros
        Leonardo Da Vinci - Osasco Leonardo Da Vinci - Osasco 27/03/2024   344.012 O45c O018041 27/03/2024 27/03/2024 Livros